[Event "90th GER-ch 2019"]
[Site "Magdeburg"]
[Date "2019.05.28"]
[Round "3.13"]
[White "Schulz, Karsten"]
[Black "Wachinger, Nikolas"]
[Result "1/2-1/2"]
[WhiteElo "2227"]
[BlackElo "2311"]
[Annotator "ChessBase"]
[PlyCount "152"]
[EventDate "2019.05.26"]
[EventType "tourn"]
[EventCountry "GER"]
[SourceTitle "playchess.com"]
[Source "ChessBase"]
[SourceQuality "1"]
[TimeControl "40/5400+30:1800+30"]

1. Nf3 {[%emt 0:00:00]} Nf6 {[%emt 0:18:56]} 2. g3 {[%emt 0:01:20]} g6 {[%emt 0:00:14]} 3. b3 {[%emt 0:00:06]} Bg7 {[%emt 0:00:53]} 4. Bb2 {[%emt 0:00:06]} O-O {[%emt 0:01:50]} 5. Bg2 {[%emt 0:02:26]} d6 {[%emt 0:01:18]} 6. d4 {[%emt 0:00:07]} e5 {[%emt 0:04:13]} 7. dxe5 {[%emt 0:02:41]} Ng4 {[%emt 0:03:42]} 8. O-O {[%emt 0:00:21]} Nxe5 {[%emt 0:03:06]} 9. Nxe5 {[%emt 0:01:15]} dxe5 {[%emt 0:04:57]} 10. Qxd8 {[%emt 0:02:51]} Rxd8 {[%emt 0:00:22]} 11. Na3 {[%emt 0:00:30]} f6 {[%emt 0:21:37]} 12. Rad1 {[%emt 0:03:49]} Re8 {[%emt 0:00:27]} 13. Rd2 {[%emt 0:14:56]} Bf8 {[%emt 0:03:33]} 14. Rfd1 {[%emt 0:06:13]} Be7 {[%emt 0:02:00]} 15. Nb5 {[%emt 0:09:05]} Na6 {[%emt 0:01:02]} 16. a3 {[%emt 0:01:29]} Kf8 {[%emt 0:08:52]} 17. b4 {[%emt 0:02:35]} f5 {[%emt 0:07:57]} 18. e4 {[%emt 0:07:40]} Bg5 {[%emt 0:02:11]} 19. Rd3 {[%emt 0:03:42]} f4 {[%emt 0:00:27]} 20. gxf4 {[%emt 0:03:25]} Bxf4 {[%emt 0:01:03]} 21. Bh3 {[%emt 0:00:23]} Bxh3 {[%emt 0:02:07]} 22. Rxh3 {[%emt 0:04:56]} Re7 {[%emt 0:03:04]} 23. Rhd3 {[%emt 0:01:40]} Ke8 {[%emt 0:00:34]} 24. Nc3 {[%emt 0:02:26]} c6 {[%emt 0:00:41]} 25. Ne2 {[%emt 0:03:53]} Bg5 {[%emt 0:01:04]} 26. Kg2 {[%emt 0:05:46]} Nc7 {[%emt 0:00:31]} 27. Kg3 {[%emt 0:01:55]} Bf6 {[%emt 0:01:52]} 28. Bc1 {[%emt 0:01:24]} Ne6 {[%emt 0:00:40]} 29. Be3 {[%emt 0:00:40]} a5 {[%emt 0:01:10]} 30. b5 {[%emt 0:07:41]} Rc8 {[%emt 0:00:47]} 31. c4 {[%emt 0:01:28]} cxb5 {[%emt 0:02:02]} 32. cxb5 {[%emt 0:00:19]} Rc2 {[%emt 0:00:02]} 33. Nc3 {[%emt 0:02:32]} Nf4 {[%emt 0:00:34]} 34. Rd8+ {[%emt 0:00:23]} Kf7 {[%emt 0:00:01]} 35. Nd5 {[%emt 0:00:23]} Nxd5 {[%emt 0:00:31]} 36. R1xd5 {[%emt 0:02:43]} Rc3 {[%emt 0:01:03]} 37. Kg2 {[%emt 0:02:00]} Rec7 {[%emt 0:00:36]} 38. R8d7+ {[%emt 0:00:36]} Ke8 {[%emt 0:00:01]} 39. Rxc7 {[%emt 0:02:04]} Rxc7 {[%emt 0:00:02]} 40. Bb6 {[%emt 0:00:49]} Rc4 {[%emt 0:01:41]} 41. Bxa5 {[%emt 0:01:41]} Rxe4 {[%emt 0:01:35]} 42. Bc3 {[%emt 0:03:09]} Be7 {[%emt 0:04:17]} 43. Bxe5 {[%emt 0:04:23]} Bxa3 {[%emt 0:00:11]} 44. Bg3 {[%emt 0:02:23]} Be7 {[%emt 0:01:17]} 45. f4 {[%emt 0:02:10]} h5 {[%emt 0:01:18]} 46. Kf3 {[%emt 0:01:17]} Rb4 {[%emt 0:00:20]} 47. Bf2 {[%emt 0:02:18]} Rb3+ {[%emt 0:02:26]} 48. Ke4 {[%emt 0:01:32]} Rb2 {[%emt 0:00:37]} 49. Kf3 {[%emt 0:00:15]} Bf6 {[%emt 0:01:09]} 50. h3 {[%emt 0:00:54]} Rb3+ {[%emt 0:01:01]} 51. Be3 {[%emt 0:02:02]} Ke7 {[%emt 0:01:13]} 52. b6 {[%emt 0:02:37]} Ke6 {[%emt 0:05:37]} 53. Rd1 {[%emt 0:00:16]} Be7 {[%emt 0:01:26]} 54. Ke4 {[%emt 0:01:50]} Bf6 {[%emt 0:01:29]} 55. Kf3 {[%emt 0:01:04]} Rb5 {[%emt 0:02:46]} 56. Ke4 {[%emt 0:00:59]} Rb4+ {[%emt 0:03:40]} 57. Kf3 {[%emt 0:00:12]} Rb3 {[%emt 0:03:52]} 58. Ke4 {[%emt 0:01:24]} Be7 {[%emt 0:00:08]} 59. Rd2 {[%emt 0:01:18]} h4 {[%emt 0:03:32]} 60. Rd1 {[%emt 0:02:32]} Rb2 {[%emt 0:00:43]} 61. Rd3 {[%emt 0:03:21]} Bb4 {[%emt 0:01:08]} 62. Rd1 {[%emt 0:01:25]} Ba5 {[%emt 0:01:29]} 63. Rg1 {[%emt 0:00:59]} Kf7 {[%emt 0:00:21]} 64. Rd1 {[%emt 0:00:23]} Rb4+ {[%emt 0:00:38]} 65. Kf3 {[%emt 0:00:52]} Rb3 {[%emt 0:00:46]} 66. Ke4 {[%emt 0:01:37]} Bxb6 {[%emt 0:00:13]} 67. Bxb6 {[%emt 0:00:12]} Rxb6 {[%emt 0:00:02]} 68. Kf3 {[%emt 0:00:14]} Rb4 {[%emt 0:01:22]} 69. Kg4 {[%emt 0:00:14]} b5 {[%emt 0:00:16]} 70. Rd7+ {[%emt 0:01:07]} Ke6 {[%emt 0:00:18]} 71. Rg7 {[%emt 0:00:36]} Kf6 {[%emt 0:00:22]} 72. Rb7 {[%emt 0:00:05]} Rb1 {[%emt 0:00:34]} 73. Rb6+ {[%emt 0:00:22]} Kg7 {[%emt 0:00:03]} 74. Kxh4 {[%emt 0:00:46]} b4 {[%emt 0:00:58]} 75. Kg5 {[%emt 0:00:49]} Rg1+ {[%emt 0:00:59]} 76. Kh4 {[%emt 0:00:03]} Rb1 {[%emt 0:00:11]} 1/2-1/2

[Event "90th GER-ch 2019"]
[Site "Magdeburg"]
[Date "2019.05.28"]
[Round "3.14"]
[White "Dauth, Benjamin"]
[Black "Adiyaman, Rene"]
[Result "1/2-1/2"]
[WhiteElo "2295"]
[BlackElo "2175"]
[Annotator "ChessBase"]
[PlyCount "101"]
[EventDate "2019.05.26"]
[EventType "tourn"]
[EventCountry "GER"]
[SourceTitle "playchess.com"]
[Source "ChessBase"]
[SourceQuality "1"]
[TimeControl "40/5400+30:1800+30"]

1. e4 e5 2. Nf3 Nc6 3. Bb5 Nf6 4. d3 Bc5 5. Bxc6 dxc6 6. Be3 Bd6 7. Nbd2 Qe7 8. h3 Be6 9. Qe2 a6 10. d4 exd4 11. Bg5 Bb4 12. e5 Bxd2+ 13. Bxd2 Nd7 14. Nxd4 O-O-O 15. O-O Rhe8 16. Rfe1 Bxh3 17. Nxc6 bxc6 18. Qxa6+ Kb8 19. Be3 c5 20. b4 Bxg2 21. Kxg2 Qe6 22. Qxe6 Rxe6 23. bxc5 Nxe5 24. Rad1 Rg6+ 25. Kf1 Rxd1 26. Rxd1 Kb7 27. Rd8 Re6 28. Rg8 g6 29. a4 h5 30. c3 Nc4 31. Bd4 Nb2 32. Rg7 f5 33. Kg2 Nxa4 34. Kg3 Kc6 35. f3 Nxc5 36. Kf4 Nd3+ 37. Kg5 Ne1 38. Bf6 Nxf3+ 39. Kxg6 f4 40. Kf5 Rxf6+ 41. Kxf6 Nd2 42. Rg2 Ne4+ 43. Ke5 f3 44. Rg6+ Nd6 45. Rf6 Kc5 46. Rxf3 Nb5 47. Rh3 Kc4 48. Rh4+ Kc5 49. Ke6 Nxc3 50. Rxh5+ Kb4 51. Kd7 1/2-1/2

[Event "90th GER-ch 2019"]
[Site "Magdeburg"]
[Date "2019.05.28"]
[Round "3.15"]
[White "Bastian, Herbert"]
[Black "Heimrath, Reiner"]
[Result "1-0"]
[WhiteElo "2297"]
[BlackElo "2239"]
[Annotator "ChessBase"]
[PlyCount "58"]
[EventDate "2019.05.26"]
[EventType "tourn"]
[EventCountry "GER"]
[SourceTitle "playchess.com"]
[Source "ChessBase"]
[SourceQuality "1"]
[TimeControl "40/5400+30:1800+30"]

1. e4 {[%emt 0:00:00]} c5 {[%emt 0:00:00]} 2. Nc3 {[%emt 0:00:32]} Nc6 {[%emt 0:00:00]} 3. g3 {[%emt 0:00:22]} g6 {[%emt 0:00:16]} 4. Bg2 {[%emt 0:00:07]} Bg7 {[%emt 0:00:06]} 5. d3 {[%emt 0:00:05]} d6 {[%emt 0:00:43]} 6. Be3 {[%emt 0:02:58]} Rb8 {[%emt 0:01:00]} 7. Qd2 {[%emt 0:17:54]} b5 {[%emt 0:04:27]} 8. Nd1 {[%emt 0:00:41]} e5 {[%emt 0:05:43]} 9. c3 {[%emt 0:03:22]} b4 {[%emt 0:06:40]} 10. Ne2 {[%emt 0:02:53]} Nge7 {[%emt 0:06:00]} 11. O-O {[%emt 0:07:13]} bxc3 {[%emt 0:01:12]} 12. bxc3 {[%emt 0:00:27]} O-O {[%emt 0:00:06]} 13. Bh6 {[%emt 0:01:02]} Qa5 {[%emt 0:10:18]} 14. Bxg7 {[%emt 0:01:56]} Kxg7 {[%emt 0:00:03]} 15. Ne3 {[%emt 0:00:32]} Be6 {[%emt 0:16:16]} 16. f4 {[%emt 0:07:13]} f6 {[%emt 0:03:19]} 17. f5 {[%emt 0:02:09]} Bg8 {[%emt 0:01:20]} 18. fxg6 {[%emt 0:04:25]} hxg6 {[%emt 0:00:37]} 19. Ng4 {[%emt 0:10:49]} g5 {[%emt 0:00:07]} 20. h4 {[%emt 0:01:41]} Be6 {[%emt 0:00:06]} 21. Bh3 {[%emt 0:03:09]} Bxg4 {[%emt 0:10:04]} 22. Bxg4 {[%emt 0:00:14]} Kg6 {[%emt 0:22:03]} 23. Rf2 {[%emt 0:04:40]} Nd4 {[%emt 0:01:17]} 24. Raf1 {[%emt 0:04:51]} Nxe2+ {[%emt 0:00:26]} 25. Bxe2 {[%emt 0:00:17]} gxh4 {[%emt 0:01:18]} 26. gxh4 {[%emt 0:00:13]} Ng8 {[%emt 0:03:41]} 27. Rg2+ {[%emt 0:09:29]} Kh7 {[%emt 0:01:33]} 28. Rf5 {[%emt 0:00:40]} Rb1+ {[%emt 0:01:18]} 29. Rf1 Rbb8 1-0

[Event "90th GER-ch 2019"]
[Site "Magdeburg"]
[Date "2019.05.28"]
[Round "3.16"]
[White "Kardoeus, David"]
[Black "Nosek, Reinhard"]
[Result "1-0"]
[WhiteElo "2202"]
[BlackElo "1913"]
[Annotator "TA"]
[PlyCount "55"]
[EventDate "2019.05.26"]
[EventType "tourn"]
[EventCountry "GER"]
[SourceTitle "playchess.com"]
[Source "ChessBase"]
[SourceQuality "1"]

{[%evp 16,55,58,26,120,122,177,175,211,214,256,263,273,272,266,256,484,475,483,475,428,387,591,422,420,366,604,490,528,474,590,590,640,637,756,753,739,738,1302,1281,1441,1428]} 1. e4 c5 2. Nf3 Nc6 3. d4 cxd4 4. Nxd4 Nf6 5. Nc3 e5 6. Ndb5 d6 7. Bg5 a6 8. Na3 Be7 9. Nc4 b5 {B33: Sicilian: Pelikan and Sveshnikov Variations} (9... Bg4 $11 10. Be2 Bxe2 11. Qxe2 b5 12. Bxf6 Bxf6) (9... Nd4 10. Bxf6 Bxf6 11. Nd5 O-O 12. c3 Nc6 13. Ndb6 Rb8 14. Qxd6 Be6 15. Be2 Bg5 16. Qxd8 Rfxd8 17. h4 Be7 18. b4 f5 19. exf5 Bxf5 {1-0 (42) Areshchenko,A (2655)-Bogdanovich,S (2590) Lvov 2014}) 10. Bxf6 $1 $16 gxf6 {[#]} (10... bxc4 $16 11. Bxe7 (11. Bxg7 Rg8 $16) 11... Nxe7) 11. Ne3 $1 $18 Nd4 {White is clearly better.} 12. Ncd5 {[%cal Bc3d5,Bd5e7,Be7c8,Bc8d6][%mdl 32]} f5 13. c3 f4 14. Nxe7 $146 {Black must now prevent N3d5.} ({Weaker is} 14. cxd4 fxe3 15. fxe3 Bb7 $16) ({Predecessor:} 14. cxd4 fxe3 15. fxe3 Bg5 16. Bd3 Be6 17. O-O Bxd5 18. exd5 Bxe3+ {1-0 (26) Needleman,G (2413)-Sapienza,J (2194) Buenos Aires 2006}) 14... fxe3 15. Nxc8 Qh4 $2 (15... Rxc8 16. cxd4 Qh4) 16. Nxd6+ Kf8 {[%csl Ge3][%cal Rh4f2] [#]} 17. g3 Qf6 {[%csl Ge3][%cal Rf6f2]} 18. f4 Rd8 (18... Qxd6 $142 19. Be2 Qe7 20. cxd4 Qb4+ 21. Kf1 exd4) 19. cxd4 Qxd6 20. Qd3 Qb6 $2 (20... Qb4+ 21. Qc3 Rxd4) 21. Qxe3 {White is clearly winning.} Rxd4 {Strongly threatening ...Rd1+.} 22. Bd3 Qa5+ 23. Qd2 Qd8 24. O-O-O exf4 25. gxf4 Rg8 26. Qc2 Rg4 27. Qc5+ Qd6 28. Qc8+ {[%mdl 64] Double Attack} 1-0

[Event "90th GER-ch 2019"]
[Site "Magdeburg"]
[Date "2019.05.28"]
[Round "4.1"]
[White "Huschenbeth, Niclas"]
[Black "Kollars, Dmitrij"]
[Result "1/2-1/2"]
[WhiteElo "2603"]
[BlackElo "2561"]
[Annotator "TA"]
[PlyCount "66"]
[EventDate "2019.05.26"]
[EventType "tourn"]
[EventCountry "GER"]
[SourceTitle "playchess.com"]
[Source "ChessBase"]
[SourceQuality "1"]

{[%evp 18,66,28,34,22,14,22,16,18,17,16,20,32,20,29,10,19,23,17,20,20,0,0,0,0,-14,-18,-13,-15,-30,-27,-27,-22,-43,-16,-4,-11,-10,-5,0,0,-31,0,0,0,0,0,0,0,0,0]} 1. e4 e5 2. Nf3 Nc6 3. Bb5 a6 4. Ba4 Nf6 5. O-O Be7 6. Re1 b5 7. Bb3 d6 8. a4 Bd7 9. c3 O-O 10. d4 h6 {C90: Closed Ruy Lopez with 7...d6: Early deviations} 11. Nbd2 Re8 12. Nf1 Bf8 13. Ng3 Na5 {[%cal Bc6a5,Ba5b7,Bb7c5][%mdl 32]} 14. Bc2 c5 15. d5 (15. h3 Qc7 16. d5 c4 17. Nh4 g6 18. Be3 Nb7 19. Qd2 Kh7 20. Rf1 Qd8 21. axb5 axb5 22. Rxa8 Qxa8 23. f4 Bg7 {1-0 (43) Caruana,F (2828)-Hansen,E (2615) chess.com INT 2019}) 15... c4 16. h3 Nb7 17. Be3 Qc7 18. Nd2 Nc5 {[#]} 19. axb5 $146 ({Predecessor:} 19. Qf3 Nh7 20. Ra2 Reb8 21. axb5 axb5 22. Rea1 Qc8 23. Qd1 Rxa2 {½-½ (23) Dimitrov,V (2505)-Delchev,A (2450) Bulgaria 1995}) 19... axb5 20. Qf3 Be7 21. Nf5 Bxf5 $1 22. Qxf5 Nh7 23. f4 Rxa1 24. Rxa1 exf4 25. Bxf4 g6 26. Qg4 Bg5 27. Qg3 Bxf4 28. Qxf4 Kg7 29. Qe3 Nf8 30. Qd4+ {The position is equal.} Kg8 31. Qe3 Kg7 32. Qd4+ Kg8 33. Qe3 Kg7 {Accuracy: White = 57%, Black = 85%.} 1/2-1/2

[Event "90th GER-ch 2019"]
[Site "Magdeburg"]
[Date "2019.05.28"]
[Round "4.2"]
[White "Graf, Alexander"]
[Black "Rosner, Jonas"]
[Result "1-0"]
[WhiteElo "2572"]
[BlackElo "2413"]
[Annotator "TA"]
[PlyCount "195"]
[EventDate "2019.05.26"]
[EventType "tourn"]
[EventCountry "GER"]
[SourceTitle "playchess.com"]
[Source "ChessBase"]
[SourceQuality "1"]

{[%evp 17,195,21,28,23,29,23,36,11,20,1,14,4,12,6,8,-20,-12,-17,0,0,0,-7,2,-8,0,-5,0,0,5,9,10,6,17,0,14,0,22,22,30,30,28,28,28,33,38,38,44,44,45,45,45,44,44,44,44,44,41,0,44,44,45,45,45,45,45,37,45,37,37,37,37,37,37,37,37,37,37,37,37,37,37,37,37,37,37,37,37,37,37,37,37,37,37,37,37,37,37,37,37,37,37,37,40,40,40,36,50,36,43,36,36,10,29,0,29,29,29,29,29,34,34,29,29,29,29,29,34,34,34,34,34,34,34,34,34,34,58,39,39,29,84,84,84,84,84,84,84,84,129,129,231,231,391,409,395,377,353,252,242,-139,240,237,229,95,401,400,4477,4407,29975,29976,29977,29978,29978,29979,29979,29980,29980,29981,29979,29980]} 1. d4 d5 2. c4 e6 3. Nc3 Nf6 4. cxd5 exd5 5. Bg5 c6 6. Qc2 Be7 7. e3 Nbd7 8. Bd3 h6 9. Bh4 Nh5 10. Bxe7 {D36: Queen's Gambit Declined: Exchange Variation: Main line (5 Bg5 c6 6 Qc2)} Qxe7 11. O-O-O Nb6 12. h3 {White is slightly better.} (12. Nf3 Nf6 13. Kb1 Be6 14. Ka1 O-O-O 15. Na4 Kb8 16. Rc1 Rhe8 17. Nc5 Bc8 {1-0 (50) Nepomniachtchi,I (2757)-Nisipeanu,L (2672) Dortmund 2018}) 12... Be6 $146 ({Predecessor:} 12... Nf6 13. Nf3 Be6 14. Kb1 O-O-O 15. Rc1 {1-0 (61) Rios,C (2482)-Saada,J (2281) Rochefort 2019}) 13. Nf3 O-O-O 14. Kb1 Kb8 15. Rc1 Nf6 16. Na4 Nxa4 17. Qxa4 Nd7 18. Rc3 Nb6 19. Qc2 Rc8 20. Nd2 Rc7 21. h4 Rhc8 22. Qd1 Qf6 23. Qf3 Qxf3 24. Nxf3 Nc4 25. h5 Nd6 26. Ne5 f6 27. Ng6 Bf5 28. Bxf5 Nxf5 29. Nf4 Nd6 30. Rc2 Re8 31. Kc1 Rce7 32. Kd1 Rc7 33. Ke2 Rce7 34. Kf3 Nf5 35. Rhc1 Nd6 36. Nd3 Rd8 37. Nf4 Rde8 38. b3 Rd7 39. Ke2 Rde7 40. Kd3 Rd7 41. Kc3 Rde7 42. Kb4 Rd7 43. a4 {[%cal Ba2a4,Ba4a5][%mdl 32]} Rde7 44. a5 a6 45. Kc3 Nb5+ 46. Kd3 Rd7 47. Kd2 Rde7 48. Nd3 Rf7 49. Rg1 Rfe7 50. Rcc1 Kc8 51. Rce1 Kd8 52. Nf4 Kc8 53. Kd3 Kd8 54. Re2 Nd6 55. Ng6 Rd7 56. g4 Kc7 57. Rc2 Kd8 58. f3 Nb5 59. Re1 Nd6 60. Rce2 Kc7 61. Kd2 Nb5 62. Nf4 Rde7 63. Nd3 Nd6 64. Nc5 Rd8 65. Kd3 Ree8 66. Rd2 Nf7 67. Ke2 Ng5 68. Kf2 Ne6 69. b4 Ng5 70. Nd3 Ne6 71. Kg3 Re7 72. Nf4 Ng5 73. Ng6 Red7 74. Nh4 Nf7 75. Nf5 Nd6 76. Kf4 Re8 77. e4 (77. Rde2 {is interesting.} Nb5 78. Ra2 Rf7 79. Kg3 Rd7 80. Rae2) 77... dxe4 78. fxe4 Nxf5 (78... Kb8 $11 {keeps the balance.}) 79. gxf5 $14 {[%mdl 4096] Endgame KRR-KRR} Red8 80. Rg1 {Threatens to win with Rdg2.} Re8 81. Rg3 Kc8 82. Rdd3 Rde7 83. Rge3 Rf8 {[#]} (83... Kc7 $16 84. e5 Rd8) 84. e5 $1 $18 Rfe8 $2 (84... Rd8 {was worth a try.} 85. e6 Rd5) 85. e6 Rd8 86. Rg3 Rd5 87. Rg4 Kd8 88. Ke4 $2 ({White should try} 88. Rg1 $18) 88... Ke8 $2 {[%mdl 8192]} (88... Rxe6+ $1 $17 {and life is bright.} 89. Kf4 Re7) 89. Rg1 Kf8 {[#]} 90. Rc1 (90. Rc3 $1 $18) 90... Rc7 $2 {[%mdl 8192]} (90... Re8 $16 {is more resistant.}) 91. Rc5 Rxc5 (91... Rd6 $142 92. d5 Ke7) 92. bxc5 {KR-KR} Ke7 93. Rb3 {White mates.} Ke8 94. d5 cxd5+ 95. Kxd5 Kd8 96. Rb6 Ke7 97. c6 bxc6+ 98. Kc5 {Accuracy: White = 61%, Black = 42%.} 1-0

[Event "90th GER-ch 2019"]
[Site "Magdeburg"]
[Date "2019.05.28"]
[Round "4.3"]
[White "Pfreundt, Jakob"]
[Black "Engel, Luis"]
[Result "1-0"]
[WhiteElo "2392"]
[BlackElo "2512"]
[Annotator "TA"]
[PlyCount "147"]
[EventDate "2019.05.26"]
[EventType "tourn"]
[EventCountry "GER"]
[SourceTitle "playchess.com"]
[Source "ChessBase"]
[SourceQuality "1"]

{[%evp 21,147,19,29,12,14,8,19,16,18,14,16,22,78,66,50,0,0,0,0,0,-5,0,12,25,29,20,106,102,113,107,204,215,207,193,235,235,235,235,235,235,326,339,332,327,340,333,333,330,314,317,317,310,303,295,389,380,1392,1174,1401,1401,1118,872,835,756,2626,2006,2555,2164,1646,1593,1189,1343,6083,5624,29954,29957,12514,6250,29962,29958,29953,29950,12791,8956,12791,9715,2551,29972,29955,29953,29980,29974,29972,5118,29980,29979,29988,29981,29981,29982,29982,29983,29983,29984,29984,29982,29983,29977,29977,29978,29978,29979,29979,29980,29980,29981,29981,29982,29982,29981,29983,29982,29992,29993,29994,29995,29995,29996]} 1. d4 Nf6 2. Nf3 d5 3. c4 e6 4. g3 Be7 5. Bg2 O-O 6. Nc3 dxc4 7. Ne5 Nc6 8. Bxc6 bxc6 9. Nxc6 Qe8 10. Nxe7+ Qxe7 11. Qa4 c5 12. dxc5 {E06: Closed Catalan: Early deviations} Qxc5 13. Be3 Qc7 14. Rd1 {The position is equal.} (14. O-O-O Ng4 15. Rd2 Nxe3 16. fxe3 Rb8 17. Rhd1 a5 18. Kb1 h6 19. Ka1 Rb4 {1-0 (49) Caruana,F (2822)-Nakamura,H (2777) Saint Louis 2018}) 14... e5 15. f3 Bh3 $146 ({Predecessor:} 15... Qb7 16. Qxc4 Qxb2 17. Na4 Qb7 18. Nc5 Qc6 19. Rc1 Rb8 {1-0 (35) Delorme,A (2517)-Thejkumar,M (2458) Vandoeuvre 2016}) 16. Bg5 Nd7 (16... Be6 $11 {remains equal.}) 17. Nd5 $16 Qb7 18. Qb4 ({Better is} 18. g4 $14 Nb6 19. Qb4) 18... Qxb4+ $11 19. Nxb4 Rfb8 20. Nc6 $36 {[%mdl 2048] White is more active.} Rxb2 {aiming for ...e4.} 21. g4 Nf8 22. Kf2 Rxa2 23. Ra1 Rxa1 (23... Rc2 $11) 24. Rxa1 $16 Ne6 25. Be3 $1 f5 {[#]} (25... f6 $16) 26. Ne7+ $1 $18 (26. gxf5 $6 Nd8 $16) 26... Kf7 27. Nxf5 h5 28. Kg3 hxg4 29. fxg4 Rh8 30. Nd6+ ({Much less strong is} 30. Rxa7+ $6 Kf6) 30... Kg6 31. Nxc4 Kf6 32. Nd2 ({Weaker is} 32. Bxa7 Rc8 $18) (32. Rxa7 g5 $16) 32... Nf4 33. Ra6+ ({Not} 33. Rxa7 Nxe2+ 34. Kf3 Nd4+ 35. Bxd4 exd4 $14) 33... Kf7 34. Rxa7+ Kg6 35. Ra6+ Kf7 36. Bxf4 exf4+ 37. Kxf4 {[%mdl 4096] Endgame KRB-KRN} Re8 38. e4 Kg8 $2 (38... Rd8 39. Ra7+ Kf8) 39. Kg3 Rd8 40. Kxh3 {KRN-KR} Rd3+ 41. Kh4 Rxd2 {KR-KR} 42. Kg3 Rd3+ 43. Kf4 Rh3 44. Ra2 Kf7 45. Kf5 Rf3+ 46. Kg5 Rh3 47. Rf2+ Kg8 48. e5 Re3 49. Kf4 (49. Kf5 $142 Kf7 50. h4) 49... Re1 50. h4 Kf7 51. Kg5+ Kg8 52. Kf5 Kf7 53. Ra2 Rf1+ 54. Kg5 Re1 55. Ra7+ Kf8 56. Kf5 Rb1 57. h5 Rb2 58. g5 {White mates.} Re2 59. Kg6 Rxe5 60. Rf7+ Kg8 61. Rxg7+ Kh8 62. Ra7 Re8 63. h6 Rb8 64. Kh5 Rb5 65. Re7 Kg8 66. Kg6 {[%cal Re7e8]} Rb6+ {[#]} 67. Kf5 $1 Rb1 68. Kf6 Rf1+ 69. Kg6 Rf8 70. Re5 Ra8 71. Kh5 Kh8 72. g6 Rg8 73. Kg5 Ra8 74. h7 {Accuracy: White = 87%, Black = 30%.} 1-0

[Event "90th GER-ch 2019"]
[Site "Magdeburg"]
[Date "2019.05.28"]
[Round "4.4"]
[White "Krassowizkij, Jaroslaw"]
[Black "Polster, Christian"]
[Result "1-0"]
[WhiteElo "2450"]
[BlackElo "2236"]
[Annotator "TA"]
[PlyCount "167"]
[EventDate "2019.05.26"]
[EventType "tourn"]
[EventCountry "GER"]
[SourceTitle "playchess.com"]
[Source "ChessBase"]
[SourceQuality "1"]

{[%evp 17,167,30,41,28,37,2,46,8,5,-21,0,0,0,0,5,0,16,15,20,12,34,16,45,30,29,37,46,39,40,37,37,19,25,16,52,27,25,31,69,51,62,24,25,25,44,30,37,20,27,10,53,51,53,53,55,33,87,87,91,89,89,70,70,0,0,0,70,70,70,70,97,97,88,81,131,114,131,114,131,114,114,114,114,114,114,0,131,107,126,126,154,154,154,154,154,112,112,105,105,31,31,31,31,31,31,31,114,112,104,112,104,56,137,111,103,96,96,86,86,70,166,161,152,118,111,70,70,70,70,70,29980,29981,29979,29982,29983,29984,29984,29985,29985,29986,29986,29987,29987,29988,29988,29989,29989,29990,29990,29991,29991,29992]} 1. c4 e6 2. Nf3 d5 3. d4 c6 4. e3 Bd6 5. b3 Nd7 6. Bb2 Ngf6 7. Bd3 O-O 8. O-O Ne4 9. Nc3 f5 10. Ne2 {A85: Dutch Defence: 2 c4 Nf6 3 Nc3} Qf6 (10... b6 11. cxd5 cxd5 12. Ne5 Bb7 13. Bb5 Nxe5 14. dxe5 Bc5 15. Nd4 Qe7 16. f3 Ng5 {1-0 (47) Esipenko,A (2581)-Krasenkow,M (2644) Batumi 2018}) 11. Qc1 Rf7 12. Ba3 {White is slightly better.} Bc7 13. Nd2 $146 ({Predecessor:} 13. b4 g5 14. b5 Qh6 15. Bb2 g4 16. Ne5 Nxe5 17. dxe5 Nc5 {½-½ (50) Salomon,J (2476)-Gorozhanin,M (2435) chess.com INT 2018}) 13... Qh6 {[%csl Gc7][%cal Rh6h2]} 14. f4 $1 Nxd2 15. Qxd2 Nf6 16. Rf3 Ng4 17. Rh3 Qf6 18. Rf1 Bd7 19. Kh1 g5 20. Rh5 {Hoping for h3.} Rg7 21. h3 Nh6 22. fxg5 Rxg5 23. Rxg5+ Qxg5 24. Nf4 Nf7 25. Qb4 {Black must now prevent cxd5.} Rb8 26. Qe7 Qxe7 27. Bxe7 Re8 {Strongly threatening ...dxc4.} 28. Bh4 Bxf4 29. Rxf4 e5 30. Rf1 exd4 31. exd4 Nd6 32. cxd5 cxd5 33. Rc1 Rc8 (33... Re3 {is more complex.} 34. Bf1 Ne4 35. Rc7 Bc6 36. b4 Rc3) 34. Rxc8+ Bxc8 $14 {[%mdl 4096] Endgame KBB-KBN} 35. Kg1 Ne4 36. Kf1 Kf7 (36... f4 $1 $14) 37. Ke2 $16 Ke6 38. Ke3 Bd7 39. Kf4 Be8 40. Be2 Nc3 $1 {[%cal Rc3e2]} 41. Bd3 Ne4 42. Be1 Bh5 43. Bb4 Be8 44. Be2 Kf6 45. Ba5 h5 46. Bc7 Ke6 47. Bd3 Bd7 48. a4 a6 49. Be2 Be8 50. Ba5 Kf6 51. Bc7 Ke6 52. b4 b5 53. axb5 axb5 54. Be5 Nc3 55. Bd3 Ne4 56. Bb8 Bd7 57. Be2 Be8 58. g4 (58. Bc7 $16) 58... fxg4 $14 59. hxg4 Nc3 60. Bf3 hxg4 61. Bxg4+ Ke7 (61... Kf6 $1 $14) 62. Ke5 $16 Bd7 63. Bd6+ Kd8 64. Bh5 (64. Be6 {keeps more tension.} Be8 65. Bb8 Ke7 66. Ba7 Bd7 67. Bc5+) 64... Kc8 ({Black should play} 64... Bh3 $1 $14) 65. Bf7 Kd8 66. Bf8 Be8 67. Bg8 Kc7 68. Bh6 Bc6 (68... Bh5 $1 $14) 69. Bd2 $18 Ne4 70. Bf4 Nf2 71. Bxd5 Nd3+ {[%mdl 64] Double Attack} 72. Ke4+ $1 Nxf4 73. Bxc6 Kxc6 $2 {[%mdl 8192]} (73... Ne2 $14 74. Bd5 (74. Bxb5 Nc3+ {[%mdl 64] Double Attack} 75. Kf5 Nxb5 $11) 74... Kd6) 74. Kxf4 $14 {KPP-KP. White mates.} Kd5 75. Ke3 Kc4 76. Ke4 Kxb4 {KP-KP} 77. d5 $1 Kc5 78. Ke5 b4 79. d6 Kc6 {[#]} 80. Ke6 $1 b3 {[#]} 81. d7 $1 Kc7 82. Ke7 b2 83. d8=Q+ Kb7 84. Qd3 {Accuracy: White = 58%, Black = 48%.} 1-0